Flag Map of Territories - Statistics

General Stats
  • This quiz has been taken 226 times
  • The average score is 15 of 20
Answer Stats
Picture Answer % Correct
Taiwan
98%
Kosovo
96%
Greenland
93%
Hong Kong
92%
Western Sahara
92%
Puerto Rico
91%
Isle of Man
86%
Macau
85%
Somaliland
81%
Northern Cyprus
77%
New Caledonia
76%
Abkhazia
71%
Gibraltar
70%
Aruba
68%
South Ossetia
67%
Transnistria
67%
Curaçao
61%
Artsakh
60%
Bermuda
59%
Anguilla
57%
No matching quizzes found
Score Distribution
Percent of People with Each Score
Percentile by Number Answered
Your Score History
You have not taken this quiz